[Event "Warsaw YMCA Winter-A 282nd"]
[Site "Warsaw"]
[Date "2024.03.08"]
[Round "9"]
[White "Krupa, Bartlomiej"]
[Black "Kowalski, Witold"]
[Result "0-1"]
[WhiteElo "1779"]
[BlackElo "1667"]
[PlyCount "68"]
[EventDate "2024.01.12"]
[EventType "tourn"]
[EventRounds "11"]
[EventCountry "POL"]
[SourceTitle "EXT 2025"]
[Source "ChessBase"]
[SourceDate "2024.10.14"]
[SourceVersion "1"]
[SourceVersionDate "2024.10.14"]
[SourceQuality "1"]

1. e4 c5 2. Nf3 Nc6 3. d4 cxd4 4. Nxd4 g6 5. Nc3 Bg7 6. Be3 Nf6 7. Nxc6 bxc6 8. e5 Ng8 9. Bd4 Qa5 10. Qe2 c5 11. Qf3 Rb8 12. e6 cxd4 13. Qxf7+ Kd8 14. Qxg7 dxc3 15. bxc3 Nf6 16. Qxh8+ Kc7 17. Rc1 Qxc3+ 18. Kd1 Ba6 19. Qxb8+ Kxb8 20. Bxa6 Ne4 21. Ke2 Qd2+ 22. Kf3 Ng5+ 23. Kg3 Nxe6 24. f3 Qd6+ 25. Kf2 Qxa6 26. Rb1+ Kc7 27. Rb3 Nc5 28. Rb2 Qd6 29. Rhb1 Qxh2 30. Rb4 Qe5 31. a4 d6 32. a5 Qc3 33. R1b2 Qa3 34. Rb5 a6 0-1

[Event "Warsaw YMCA Winter-A 282nd"]
[Site "Warsaw"]
[Date "2024.02.09"]
[Round "5"]
[White "Sypula, Krzysztof"]
[Black "Krupa, Bartlomiej"]
[Result "0-1"]
[WhiteElo "1662"]
[BlackElo "1779"]
[PlyCount "48"]
[EventDate "2024.01.12"]
[EventType "tourn"]
[EventRounds "11"]
[EventCountry "POL"]
[SourceTitle "EXT 2025"]
[Source "ChessBase"]
[SourceDate "2024.10.14"]
[SourceVersion "1"]
[SourceVersionDate "2024.10.14"]
[SourceQuality "1"]

1. Nf3 d5 2. b3 Nf6 3. e3 c6 4. Bb2 Bg4 5. h3 Bh5 6. g4 Bg6 7. Ne5 Nbd7 8. Nxg6 hxg6 9. Bg2 e5 10. Qe2 Bd6 11. d3 Qe7 12. a4 Nf8 13. Ba3 Bxa3 14. Nxa3 Ne6 15. Qd2 Rd8 16. c3 e4 17. Nc2 Nc5 18. Nd4 Nxd3+ 19. Ke2 Nd7 20. b4 N7e5 21. f4 Nc4 22. Qa2 Qh4 23. Bxe4 dxe4 24. Qxc4 Qf2+ 0-1

[Event "POL-ch blitz"]
[Site "Suwalki"]
[Date "2022.09.24"]
[Round "11"]
[White "Celinski, Kamil"]
[Black "Krupa, Bartlomiej"]
[Result "1-0"]
[WhiteElo "1959"]
[BlackElo "1868"]
[PlyCount "49"]
[EventDate "2022.09.24"]
[EventType "swiss (blitz)"]
[EventRounds "15"]
[EventCountry "POL"]
[SourceTitle "CBM 210 Extra"]
[Source "ChessBase"]
[SourceDate "2022.11.30"]
[SourceVersion "1"]
[SourceVersionDate "2022.11.30"]
[SourceQuality "1"]

1. e4 c5 2. Nf3 d6 3. Bb5+ Bd7 4. Bxd7+ Nxd7 5. 0-0 Ngf6 6. Re1 g6 7. c3 Bg7 8. d4 cxd4 9. cxd4 0-0 10. Nc3 a6 11. h3 e6 12. e5 dxe5 13. dxe5 Nd5 14. Nxd5 exd5 15. Qxd5 Nxe5 16. Rxe5 Bxe5 17. Qxe5 Re8 18. Bg5 Rxe5 19. Bxd8 Re2 20. Bf6 Rc8 21. Bc3 b5 22. a3 a5 23. Nd4 Re5 24. Nc6 Re2 25. Nxa5 1-0

[Event "CP-2017-P-00039"]
[Site "LSS email"]
[Date "2017.09.27"]
[Round "?"]
[White "Krupa, Bartlomiej"]
[Black "Hughes, Chris"]
[Result "1-0"]
[WhiteElo "2110"]
[BlackElo "794"]
[PlyCount "55"]
[EventDate "2017.10.01"]
[EventType "tourn (corr)"]
[EventRounds "6"]
[EventCountry "GER"]
[SourceTitle "Corr 2022"]
[Source "ChessBase"]
[SourceDate "2021.10.24"]
[SourceVersion "1"]
[SourceVersionDate "2021.10.24"]
[SourceQuality "1"]

1. e4 e6 2. d4 d5 3. Nc3 Nf6 4. e5 Nfd7 5. f4 c5 6. Nf3 Nc6 7. Be3 Qb6 8. Na4 Qa5+ 9. c3 cxd4 10. b4 Qc7 11. Nxd4 a6 12. Qd2 Be7 13. Bd3 b5 14. Nb2 Nb6 15. a4 Nc4 16. Nxc4 bxc4 17. Bc2 Bd7 18. Nf3 f6 19. exf6 Bxf6 20. 0-0 0-0 21. Rae1 Ne7 22. Bc5 Rf7 23. Ng5 Bxg5 24. fxg5 Rxf1+ 25. Rxf1 Be8 26. Qe3 Bf7 27. Bxh7+ Kf8 28. Qxe6 1-0

[Event "CP-2017-P-00039"]
[Site "LSS email"]
[Date "2017.09.27"]
[Round "?"]
[White "Reinecke, Juergen"]
[Black "Krupa, Bartlomiej"]
[Result "0-1"]
[WhiteElo "1345"]
[BlackElo "2110"]
[PlyCount "52"]
[EventDate "2017.10.01"]
[EventType "tourn (corr)"]
[EventRounds "6"]
[EventCountry "GER"]
[SourceTitle "Corr 2022"]
[Source "ChessBase"]
[SourceDate "2021.10.24"]
[SourceVersion "1"]
[SourceVersionDate "2021.10.24"]
[SourceQuality "1"]

1. e4 c5 2. Nf3 d6 3. d4 cxd4 4. Nxd4 Nf6 5. Nc3 a6 6. Be2 e5 7. Nb3 Be7 8. 0-0 0-0 9. Be3 Be6 10. Qd2 Nbd7 11. a4 Rc8 12. f3 Qc7 13. Rac1 Nc5 14. Nxc5 dxc5 15. Nd5 Bxd5 16. exd5 c4 17. c3 Rfd8 18. Rfd1 Nxd5 19. Kh1 Nb4 20. Qxd8+ Rxd8 21. Rxd8+ Qxd8 22. cxb4 b5 23. Rd1 Qc7 24. a5 Bxb4 25. Bb6 Qc6 26. f4 e4 0-1

[Event "LSS No Engine Cup 167 Preliminary 0"]
[Site "LSS email"]
[Date "2017.02.26"]
[Round "?"]
[White "Krupa, Bartlomiej"]
[Black "Hardyn, Jaroslav"]
[Result "0-1"]
[WhiteElo "1600"]
[BlackElo "1733"]
[PlyCount "70"]
[EventDate "2017.02.27"]
[EventType "tourn (corr)"]
[EventRounds "6"]
[EventCountry "GER"]
[SourceTitle "Corr 2022"]
[Source "ChessBase"]
[SourceDate "2021.10.24"]
[SourceVersion "1"]
[SourceVersionDate "2021.10.24"]
[SourceQuality "1"]

1. e4 e5 2. Nf3 Nc6 3. Bc4 Nf6 4. Ng5 d5 5. exd5 Na5 6. Bb5+ c6 7. dxc6 bxc6 8. Be2 h6 9. Nh3 g5 10. d3 g4 11. Ng1 Bc5 12. c3 Bb6 13. b4 Nb7 14. Nd2 a5 15. Bb2 Nd6 16. a3 0-0 17. c4 Nf5 18. c5 Bc7 19. Bxg4 axb4 20. axb4 Rxa1 21. Bxa1 Re8 22. Be2 Nd4 23. Ne4 Nd5 24. Bxd4 exd4 25. Kf1 Bf5 26. Bf3 Nc3 27. Qd2 Bxe4 28. dxe4 Qb8 29. Ne2 Qxb4 30. g3 Rd8 31. Kg2 Qxc5 32. Qxh6 Nxe2 33. Bxe2 d3 34. Bf3 d2 35. Rd1 Ba5 0-1

[Event "CP-2015-Q-00011"]
[Site "LSS email"]
[Date "2015.12.02"]
[Round "?"]
[White "Krupa, Bartlomiej"]
[Black "Dard, Michel"]
[Result "1/2-1/2"]
[WhiteElo "2139"]
[BlackElo "2277"]
[PlyCount "49"]
[EventDate "2015.12.08"]
[EventType "tourn (corr)"]
[EventRounds "6"]
[EventCountry "GER"]
[SourceTitle "Corr 2022"]
[Source "ChessBase"]
[SourceDate "2021.10.24"]
[SourceVersion "1"]
[SourceVersionDate "2021.10.24"]
[SourceQuality "1"]

1. e4 e5 2. Nf3 Nc6 3. Bc4 Bc5 4. b4 Bxb4 5. c3 Ba5 6. d4 exd4 7. 0-0 Nf6 8. Ba3 d6 9. e5 Ne4 10. exd6 cxd6 11. Qe2 Qe7 12. Re1 Bf5 13. Nbd2 Nxd2 14. Qxd2 Be6 15. Nxd4 Nxd4 16. Qxd4 0-0 17. Rad1 Rfd8 18. Bxe6 fxe6 19. h3 Bb6 20. Bxd6 Bxd4 21. Bxe7 Bxc3 22. Bxd8 Bxe1 23. Rxe1 Rxd8 24. Rxe6 Kf7 25. Re4 1/2-1/2

[Event "CP-2015-Q-00011"]
[Site "LSS email"]
[Date "2015.12.02"]
[Round "?"]
[White "Stolz, Stephan"]
[Black "Krupa, Bartlomiej"]
[Result "1/2-1/2"]
[WhiteElo "2335"]
[BlackElo "2139"]
[PlyCount "48"]
[EventDate "2015.12.08"]
[EventType "tourn (corr)"]
[EventRounds "6"]
[EventCountry "GER"]
[SourceTitle "Corr 2022"]
[Source "ChessBase"]
[SourceDate "2021.10.24"]
[SourceVersion "1"]
[SourceVersionDate "2021.10.24"]
[SourceQuality "1"]

1. d4 d5 2. c4 c6 3. cxd5 cxd5 4. Nc3 Nf6 5. Bf4 Nc6 6. e3 a6 7. Bd3 Bg4 8. Nge2 e6 9. 0-0 Be7 10. Rc1 0-0 11. Na4 Nh5 12. f3 Bf5 13. Bxf5 exf5 14. Nc5 Bxc5 15. Rxc5 Re8 16. Qb3 Qe7 17. Rxd5 Nxf4 18. Nxf4 Qxe3+ 19. Qxe3 Rxe3 20. Rd1 Ree8 21. Kf2 Rad8 22. Rxf5 Nxd4 23. Rd5 Rxd5 24. Nxd5 Ne6 1/2-1/2

[Event "CP-2015-P-00016"]
[Site "LSS email"]
[Date "2015.09.28"]
[Round "?"]
[White "Szczepanski, Zbigniew"]
[Black "Krupa, Bartlomiej"]
[Result "1/2-1/2"]
[WhiteElo "2500"]
[BlackElo "2137"]
[PlyCount "87"]
[EventDate "2015.10.01"]
[EventType "tourn (corr)"]
[EventRounds "6"]
[EventCountry "GER"]
[SourceTitle "Corr 2022"]
[Source "ChessBase"]
[SourceDate "2021.10.24"]
[SourceVersion "1"]
[SourceVersionDate "2021.10.24"]
[SourceQuality "1"]

1. d4 d5 2. c4 c6 3. g3 Nf6 4. Bg2 Bf5 5. Nf3 e6 6. Qb3 Qb6 7. c5 Qa6 8. Bf1 Be4 9. Nc3 b6 10. e3 Qb7 11. Nxe4 Nxe4 12. Bd3 Nf6 13. 0-0 Qc7 14. cxb6 axb6 15. Qc2 Bd6 16. b3 Na6 17. Qe2 Nb4 18. Bb1 0-0 19. a3 c5 20. Bb2 Nc6 21. dxc5 bxc5 22. Bxf6 gxf6 23. e4 d4 24. Nd2 Kh8 25. f4 Rg8 26. e5 fxe5 27. f5 d3 28. Bxd3 Nd4 29. Qh5 exf5 30. Bxf5 Rg7 31. Nc4 Rf8 32. Be4 f6 33. a4 Nxb3 34. Rab1 Na5 35. Qh6 Nxc4 36. Rb7 Qxb7 37. Bxb7 Rxb7 38. Rxf6 Rg8 39. Qc1 Rb4 40. Qf1 Nd2 41. Qe2 Rd4 42. Rxd6 Nf3+ 43. Qxf3 Rxd6 44. Qe3 1/2-1/2

[Event "BI-2015-F-0000"]
[Site "LSS email"]
[Date "2015.02.12"]
[Round "?"]
[White "Mauro, Lucio"]
[Black "Krupa, Bartlomiej"]
[Result "1-0"]
[WhiteElo "2180"]
[BlackElo "2191"]
[PlyCount "23"]
[EventDate "2015.02.11"]
[EventType "tourn (corr)"]
[EventRounds "10"]
[EventCountry "GER"]
[SourceTitle "Corr 2022"]
[Source "ChessBase"]
[SourceDate "2021.10.24"]
[SourceVersion "1"]
[SourceVersionDate "2021.10.24"]
[SourceQuality "1"]

1. e4 c5 2. Nf3 d6 3. d4 cxd4 4. Nxd4 Nf6 5. Nc3 a6 6. Be3 e5 7. Nf3 Qc7 8. a4 Be7 9. Be2 0-0 10. 0-0 b6 11. Qd3 Nbd7 12. Qc4 1-0

[Event "BI-2015-F-0000"]
[Site "LSS email"]
[Date "2015.02.12"]
[Round "?"]
[White "Mokeev, Valery"]
[Black "Krupa, Bartlomiej"]
[Result "1/2-1/2"]
[WhiteElo "1914"]
[BlackElo "2191"]
[PlyCount "77"]
[EventDate "2015.02.11"]
[EventType "tourn (corr)"]
[EventRounds "10"]
[EventCountry "GER"]
[SourceTitle "Corr 2022"]
[Source "ChessBase"]
[SourceDate "2021.10.24"]
[SourceVersion "1"]
[SourceVersionDate "2021.10.24"]
[SourceQuality "1"]

1. d4 d5 2. c4 c6 3. Nf3 Nf6 4. Nc3 dxc4 5. a4 Bf5 6. Ne5 Nbd7 7. Nxc4 Qc7 8. g3 e5 9. dxe5 Nxe5 10. Bf4 Nfd7 11. Bg2 g5 12. Ne3 gxf4 13. Nxf5 0-0-0 14. Qc2 Nc5 15. 0-0 fxg3 16. hxg3 a5 17. Rad1 h5 18. Rxd8+ Qxd8 19. Rd1 Qf6 20. Ne4 Nxe4 21. Qxe4 Bb4 22. Bh3 Kb8 23. Qd4 Qe6 24. Kg2 f6 25. Ne3 Qg8 26. Qf4 Qg5 27. Be6 Re8 28. Bb3 Bc5 29. Nf5 h4 30. Qxg5 fxg5 31. e3 Rf8 32. Bc2 hxg3 33. Nxg3 Ng4 34. Nf5 Bb6 35. Rd7 Bc7 36. Rg7 Rh8 37. Kf3 Nxf2 38. Rxg5 Rh2 39. Nd4 1/2-1/2

[Event "BI-2015-F-0000"]
[Site "LSS email"]
[Date "2015.02.12"]
[Round "?"]
[White "Oliveira, Marcio B"]
[Black "Krupa, Bartlomiej"]
[Result "1/2-1/2"]
[WhiteElo "2328"]
[BlackElo "2191"]
[PlyCount "103"]
[EventDate "2015.02.11"]
[EventType "tourn (corr)"]
[EventRounds "10"]
[EventCountry "GER"]
[SourceTitle "Corr 2022"]
[Source "ChessBase"]
[SourceDate "2021.10.24"]
[SourceVersion "1"]
[SourceVersionDate "2021.10.24"]
[SourceQuality "1"]

1. b3 e5 2. Bb2 Nc6 3. e3 Nf6 4. Bb5 Bd6 5. Na3 Na5 6. Be2 a6 7. Nf3 Qe7 8. Nb1 0-0 9. d3 b5 10. 0-0 Bb7 11. Nbd2 c5 12. c4 Bc7 13. Qc2 d6 14. a3 Nc6 15. Ng5 b4 16. Bf3 Nd7 17. Nge4 f5 18. Ng3 a5 19. Bd5+ Kh8 20. a4 Nb6 21. Rae1 f4 22. exf4 Rxf4 23. Ne2 Rff8 24. Be4 Nd7 25. d4 cxd4 26. Nxd4 Nxd4 27. Bxd4 Bxe4 28. Qxe4 Nf6 29. Qc6 Rad8 30. f3 Qd7 31. Qxd7 Rxd7 32. Bf2 Kg8 33. Re2 d5 34. cxd5 Rfd8 35. Nc4 Rxd5 36. Rfe1 Rd3 37. Rb2 R8d5 38. Bb6 Bxb6+ 39. Nxb6 Rc5 40. Nc4 Nd7 41. Rbb1 Kf7 42. Rbd1 Rxd1 43. Rxd1 Ke7 44. Nd6 Rc7 45. Nf5+ Kd8 46. Nxg7 Rc3 47. Rd5 Rxb3 48. Ne6+ Ke7 49. Nc5 Nxc5 50. Rxc5 Rb1+ 51. Kf2 Rb2+ 52. Kg3 1/2-1/2

[Event "CP-2014-P-00011"]
[Site "LSS email"]
[Date "2014.09.30"]
[Round "?"]
[White "Dziedzina, Michael"]
[Black "Krupa, Bartlomiej"]
[Result "1/2-1/2"]
[WhiteElo "2311"]
[BlackElo "2227"]
[PlyCount "89"]
[EventDate "2014.10.01"]
[EventType "tourn (corr)"]
[EventRounds "6"]
[EventCountry "GER"]
[SourceTitle "Corr 2022"]
[Source "ChessBase"]
[SourceDate "2021.10.24"]
[SourceVersion "1"]
[SourceVersionDate "2021.10.24"]
[SourceQuality "1"]

1. e4 c5 2. Nf3 d6 3. d4 cxd4 4. Nxd4 Nf6 5. Nc3 a6 6. Bg5 Nbd7 7. Bc4 Qb6 8. Qd2 Qxb2 9. 0-0 Qa3 10. Rae1 h6 11. Bxf6 Nxf6 12. e5 dxe5 13. Rxe5 e6 14. Rd1 Bd7 15. Nd5 Nxd5 16. Bxd5 Bb4 17. Qf4 0-0 18. Re3 Bd6 19. Bxb7 Bxf4 20. Rxa3 Ra7 21. Rb3 Rb8 22. Be4 Rc8 23. g3 Bg5 24. Rb6 Be7 25. Rb7 Rxb7 26. Bxb7 Rb8 27. Bxa6 Ba4 28. Nb3 Be8 29. c4 Kf8 30. c5 Ra8 31. Bb7 Rxa2 32. Rc1 Ba4 33. c6 Bd6 34. Nd4 e5 35. Nf5 Bc7 36. Ne3 Bb3 37. Bc8 g6 38. Rc3 Rb2 39. h4 f5 40. Nc4 Bxc4 41. Rxc4 h5 42. Rc3 e4 43. Bd7 Ke7 44. Kf1 Rd2 45. Re3 1/2-1/2

[Event "CP-2014-P-00011"]
[Site "LSS email"]
[Date "2014.09.30"]
[Round "?"]
[White "Hillebrand, Carsten"]
[Black "Krupa, Bartlomiej"]
[Result "0-1"]
[WhiteElo "1822"]
[BlackElo "2227"]
[PlyCount "54"]
[EventDate "2014.10.01"]
[EventType "tourn (corr)"]
[EventRounds "6"]
[EventCountry "GER"]
[SourceTitle "Corr 2022"]
[Source "ChessBase"]
[SourceDate "2021.10.24"]
[SourceVersion "1"]
[SourceVersionDate "2021.10.24"]
[SourceQuality "1"]

1. c4 e5 2. g3 Nc6 3. Nc3 f5 4. Nf3 Nf6 5. d4 e4 6. Nh4 d6 7. Bh3 g6 8. Bg5 Bg7 9. 0-0 0-0 10. f3 Qe8 11. Rc1 Nh5 12. Nd5 Rf7 13. fxe4 Nxd4 14. exf5 Nxe2+ 15. Kh1 Nhxg3+ 16. hxg3 Nxg3+ 17. Kg1 Nxf1 18. Qxf1 Bd4+ 19. Kh2 c6 20. Re1 Be5+ 21. Nf4 h6 22. Bxh6 Rh7 23. Bg5 Bxf5 24. Nxf5 gxf5 25. c5 Rg7 26. Bh4 Qe6 27. Bg3 Qxa2 0-1

[Event "CP-2014-P-00011"]
[Site "LSS email"]
[Date "2014.09.30"]
[Round "?"]
[White "Krupa, Bartlomiej"]
[Black "Borisovs, Leonids"]
[Result "1/2-1/2"]
[WhiteElo "2227"]
[BlackElo "2229"]
[PlyCount "62"]
[EventDate "2014.10.01"]
[EventType "tourn (corr)"]
[EventRounds "6"]
[EventCountry "GER"]
[SourceTitle "Corr 2022"]
[Source "ChessBase"]
[SourceDate "2021.10.24"]
[SourceVersion "1"]
[SourceVersionDate "2021.10.24"]
[SourceQuality "1"]

1. e4 c6 2. d4 d5 3. e5 Bf5 4. Nf3 e6 5. Be2 Nd7 6. 0-0 h6 7. b3 Ne7 8. c4 Ng6 9. Na3 Nf4 10. Bxf4 Bxa3 11. Bd3 Bxd3 12. Qxd3 Be7 13. a4 0-0 14. Bd2 a5 15. Rab1 Qb6 16. Rfc1 Rfe8 17. h3 Rec8 18. Qe2 Qa6 19. Ne1 c5 20. Qg4 cxd4 21. Bxh6 Bf8 22. cxd5 Nxe5 23. Qxd4 f6 24. Be3 Rd8 25. Rd1 Rxd5 26. Qb6 Qxb6 27. Bxb6 Nd7 28. Rxd5 exd5 29. Be3 Nc5 30. Nf3 Kf7 31. h4 b6 1/2-1/2

[Event "CP-2014-S-00001"]
[Site "LSS email"]
[Date "2014.05.12"]
[Round "?"]
[White "Krupa, Bartlomiej"]
[Black "Felicio, Clairton"]
[Result "0-1"]
[WhiteElo "2266"]
[BlackElo "2349"]
[PlyCount "72"]
[EventDate "2014.05.18"]
[EventType "tourn (corr)"]
[EventRounds "7"]
[EventCountry "GER"]
[SourceTitle "Corr 2022"]
[Source "ChessBase"]
[SourceDate "2021.10.24"]
[SourceVersion "1"]
[SourceVersionDate "2021.10.24"]
[SourceQuality "1"]

1. e4 e5 2. Nf3 Nc6 3. Bc4 Bc5 4. c3 Nf6 5. d3 a6 6. Bb3 0-0 7. 0-0 d6 8. Nbd2 Ba7 9. h3 h6 10. Re1 Nh5 11. Nf1 Qf6 12. Be3 Bxe3 13. Nxe3 Nf4 14. Kh2 Ne7 15. Ng1 b5 16. a4 b4 17. cxb4 Rb8 18. Rc1 c6 19. Nc2 a5 20. Qf3 axb4 21. g3 Ne6 22. Qxf6 gxf6 23. Bxe6 fxe6 24. Ne3 Ba6 25. Red1 f5 26. Kg2 c5 27. Nc4 Rbd8 28. Nf3 Nc6 29. Nfd2 Nd4 30. f3 Kf7 31. exf5 exf5 32. Kf2 Ke6 33. Re1 Bxc4 34. Rxc4 Kd5 35. Rcc1 Ra8 36. b3 h5 0-1

[Event "CP-2014-S-00001"]
[Site "LSS email"]
[Date "2014.05.12"]
[Round "?"]
[White "Van Tricht, Marcel"]
[Black "Krupa, Bartlomiej"]
[Result "1-0"]
[WhiteElo "2355"]
[BlackElo "2266"]
[PlyCount "119"]
[EventDate "2014.05.18"]
[EventType "tourn (corr)"]
[EventRounds "7"]
[EventCountry "GER"]
[SourceTitle "Corr 2022"]
[Source "ChessBase"]
[SourceDate "2021.10.24"]
[SourceVersion "1"]
[SourceVersionDate "2021.10.24"]
[SourceQuality "1"]

1. e4 c5 2. Nf3 d6 3. Bb5+ Bd7 4. Bxd7+ Qxd7 5. d4 cxd4 6. Qxd4 Nc6 7. Qd3 g6 8. 0-0 Nf6 9. h3 Bg7 10. Re1 0-0 11. Nc3 Nb4 12. Qe2 Rac8 13. a3 Nc6 14. Bg5 Nh5 15. Qd3 Ne5 16. Nxe5 Bxe5 17. Nd5 Rfe8 18. c3 Rc5 19. Be3 Ra5 20. Rad1 e6 21. Nb4 Rc8 22. g3 Qc7 23. Kg2 Rd8 24. Re2 Bg7 25. Nc2 d5 26. Red2 Re8 27. b4 Ra6 28. b5 Ra5 29. exd5 exd5 30. Qxd5 Nf6 31. Qb3 a6 32. a4 axb5 33. axb5 Raa8 34. Rd3 Rac8 35. Nb4 Qe5 36. Nd5 Qe4+ 37. Kg1 Nd7 38. Ba7 Bh6 39. Bd4 Re6 40. Qa2 Qf5 41. Kg2 Ne5 42. g4 Nxg4 43. hxg4 Qxg4+ 44. Kf1 Qh4 45. f4 Bxf4 46. Qg2 Be5 47. Bf2 Qh5 48. Qh3 Qxh3+ 49. Rxh3 f6 50. Kg2 h5 51. Nb6 Rxc3 52. Rxc3 Bxc3 53. Rd8+ Kg7 54. Rd7+ Kh6 55. Rxb7 Re2 56. Kf3 Rb2 57. Be3+ g5 58. Na4 Rb3 59. Nxc3 Rxc3 60. b6 1-0

[Event "BI-2014-P-0006"]
[Site "LSS email"]
[Date "2014.04.19"]
[Round "?"]
[White "Potapov, Evgeniy M"]
[Black "Krupa, Bartlomiej"]
[Result "1/2-1/2"]
[WhiteElo "1550"]
[BlackElo "2086"]
[PlyCount "52"]
[EventDate "2014.04.25"]
[EventType "tourn (corr)"]
[EventRounds "10"]
[EventCountry "GER"]
[SourceTitle "Corr 2015"]
[Source "ChessBase"]
[SourceDate "2015.07.17"]
[SourceVersion "1"]
[SourceVersionDate "2015.07.17"]
[SourceQuality "1"]

1. e4 c5 2. Nf3 d6 3. d4 cxd4 4. Nxd4 Nf6 5. Nc3 a6 6. Bg5 e6 7. f4 h6 8. Bh4 Be7 9. Qf3 Nbd7 10. 0-0-0 Qc7 11. Be2 b5 12. Bxf6 Nxf6 13. e5 Bb7 14. Qg3 dxe5 15. fxe5 Nd5 16. Nxe6 fxe6 17. Qg6+ Kd7 18. Bg4 Qxe5 19. Nxd5 Qg5+ 20. Qxg5 Bxg5+ 21. Kb1 Bxd5 22. Rxd5+ Kc7 23. Bxe6 Rad8 24. a3 Rhe8 25. Rxd8 Rxd8 26. h4 Bf6 1/2-1/2

[Event "BI-2014-P-0006"]
[Site "LSS email"]
[Date "2014.04.19"]
[Round "?"]
[White "Svrsek, Radomir Jr"]
[Black "Krupa, Bartlomiej"]
[Result "1-0"]
[WhiteElo "1904"]
[BlackElo "2086"]
[PlyCount "71"]
[EventDate "2014.04.25"]
[EventType "tourn (corr)"]
[EventRounds "10"]
[EventCountry "GER"]
[SourceTitle "Corr 2015"]
[Source "ChessBase"]
[SourceDate "2015.07.17"]
[SourceVersion "1"]
[SourceVersionDate "2015.07.17"]
[SourceQuality "1"]

1. e4 c5 2. Nf3 d6 3. d4 cxd4 4. Nxd4 Nf6 5. Nc3 a6 6. Be2 e5 7. Nf3 h6 8. 0-0 Be6 9. Nd2 Qc7 10. Re1 Be7 11. Nf1 0-0 12. Ne3 Nbd7 13. Ncd5 Bxd5 14. exd5 g6 15. a4 Kg7 16. a5 Rac8 17. Ra3 Ng8 18. g3 f5 19. c4 Bg5 20. h4 Bxe3 21. Bxe3 Rf7 22. Qc1 Ndf6 23. b4 Qd7 24. Rc3 Kh7 25. Bb6 Ne4 26. Rc2 g5 27. hxg5 Nxg5 28. c5 f4 29. c6 bxc6 30. dxc6 Qh3 31. Qd1 fxg3 32. Qd3+ Kh8 33. Qxg3 Qf5 34. Bd1 Rg7 35. Kh1 Ne6 36. Qf3 1-0

[Event "BI-2014-F-0000"]
[Site "LSS email"]
[Date "2014.02.21"]
[Round "?"]
[White "Krupa, Bartlomiej"]
[Black "Frijling, Jeroen"]
[Result "0-1"]
[WhiteElo "2260"]
[BlackElo "2162"]
[PlyCount "122"]
[EventDate "2014.02.27"]
[EventType "tourn (corr)"]
[EventRounds "10"]
[EventCountry "GER"]
[SourceTitle "Corr 2022"]
[Source "ChessBase"]
[SourceDate "2021.10.24"]
[SourceVersion "1"]
[SourceVersionDate "2021.10.24"]
[SourceQuality "1"]

1. e4 c5 2. Nf3 Nc6 3. d4 cxd4 4. Nxd4 e5 5. Nb5 d6 6. N1c3 a6 7. Na3 Be7 8. Be3 Nf6 9. Nc4 b5 10. Nb6 Rb8 11. Nxc8 Qxc8 12. Be2 0-0 13. a3 Na5 14. Bg5 Nc4 15. Bxc4 Qxc4 16. Bxf6 Bxf6 17. Qxd6 Rfd8 18. Qb4 Qc6 19. 0-0 Rd4 20. Qb3 a5 21. Nd5 Rxe4 22. Rad1 h6 23. g3 Re2 24. Nc3 a4 25. Qa2 Rxc2 26. Qb1 Rxc3 27. bxc3 Be7 28. Qb2 Bc5 29. Qa2 Rc8 30. Rd5 Bxa3 31. Rxe5 Bc5 32. Qd5 a3 33. Qxc6 Rxc6 34. Rb1 b4 35. cxb4 Bxb4 36. Re8+ Kh7 37. Ra8 Bd6 38. Rb7 f6 39. Raa7 Bf8 40. Kg2 Rc8 41. Rc7 Rd8 42. Kf3 Re8 43. g4 Kg6 44. Ra5 Bb4 45. Rb5 Ra8 46. Rxb4 a2 47. Rbb7 Ra3+ 48. Kg2 f5 49. Rxg7+ Kf6 50. Rbf7+ Ke5 51. Re7+ Kf4 52. Re1 a1Q 53. Rxa1 Rxa1 54. gxf5 Kxf5 55. Kh3 Kf4 56. Kh4 Ra5 57. Rf7+ Ke4 58. Rf8 Rg5 59. f3+ Ke3 60. f4 Ra5 61. Kg3 Ke4 0-1

[Event "BI-2014-F-0000"]
[Site "LSS email"]
[Date "2014.02.21"]
[Round "?"]
[White "Schroeder, Christoph"]
[Black "Krupa, Bartlomiej"]
[Result "1-0"]
[WhiteElo "2302"]
[BlackElo "2260"]
[PlyCount "89"]
[EventDate "2014.02.27"]
[EventType "tourn (corr)"]
[EventRounds "10"]
[EventCountry "GER"]
[SourceTitle "Corr 2022"]
[Source "ChessBase"]
[SourceDate "2021.10.24"]
[SourceVersion "1"]
[SourceVersionDate "2021.10.24"]
[SourceQuality "1"]

1. e4 c5 2. Nf3 d6 3. d4 cxd4 4. Nxd4 Nf6 5. Nc3 a6 6. Be3 e5 7. Nb3 Be6 8. Qd2 Be7 9. 0-0-0 0-0 10. f3 Nbd7 11. g4 b5 12. Rg1 Nb6 13. Na5 Rc8 14. g5 Ne8 15. Kb1 Qc7 16. Nd5 Bxd5 17. exd5 Nxd5 18. Qxd5 Qxa5 19. Bh3 Rc4 20. Rg4 Ra4 21. a3 g6 22. f4 exf4 23. Rxf4 Rxf4 24. Bxf4 Qc7 25. Bg4 Qb6 26. Qe4 Qc7 27. Rd3 Bd8 28. h4 Qe7 29. Qxe7 Bxe7 30. Re3 Bd8 31. Bd7 Ng7 32. Bxd6 Bb6 33. Rc3 Ra8 34. Bg3 Rd8 35. Bc8 a5 36. Bg4 b4 37. axb4 axb4 38. Rc4 b3 39. cxb3 Ne8 40. b4 Rd4 41. Rxd4 Bxd4 42. Kc2 f5 43. Kd3 Bb6 44. Bf3 Kf7 45. Be5 1-0

[Event "BI-2014-F-0000"]
[Site "LSS email"]
[Date "2014.02.21"]
[Round "?"]
[White "Thurrott, Allan"]
[Black "Krupa, Bartlomiej"]
[Result "1/2-1/2"]
[WhiteElo "2192"]
[BlackElo "2260"]
[PlyCount "50"]
[EventDate "2014.02.27"]
[EventType "tourn (corr)"]
[EventRounds "10"]
[EventCountry "GER"]
[SourceTitle "Corr 2022"]
[Source "ChessBase"]
[SourceDate "2021.10.24"]
[SourceVersion "1"]
[SourceVersionDate "2021.10.24"]
[SourceQuality "1"]

1. e4 c5 2. Nf3 d6 3. d4 cxd4 4. Nxd4 Nf6 5. Nc3 a6 6. Be2 e5 7. Nb3 Be7 8. 0-0 0-0 9. Be3 Be6 10. Qd3 Nbd7 11. Nd5 Bxd5 12. exd5 Nc5 13. Nxc5 dxc5 14. Rad1 Bd6 15. Bg5 h6 16. Bh4 e4 17. Qc3 Re8 18. a4 Qe7 19. f4 exf3 20. Bxf3 Be5 21. Qb3 Rad8 22. Bf2 Qc7 23. g3 Bd6 24. Rde1 Nd7 25. Rxe8+ Rxe8 1/2-1/2